ARRUPE JESUIT UNIVERSITY

CORONAVIRUS -STOP THE SPREAD - CLEAN,DISINFECT,COVER

Development and the environment: (Record no. 130085)

MARC details
000 -LEADER
fixed length control field 00824nam a22002295a 4500
001 - CONTROL NUMBER
control field 43187
003 - CONTROL NUMBER IDENTIFIER
control field ARRUPE
005 - DATE AND TIME OF LATEST TRANSACTION
control field 20191127104820.0
008 - FIXED-LENGTH DATA ELEMENTS--GENERAL INFORMATION
fixed length control field 920827s1991 at a 000 0 eng
010 ## - LIBRARY OF CONGRESS CONTROL NUMBER
LC control number 92206466
040 ## - CATALOGING SOURCE
Original cataloging agency DLC
Transcribing agency DLC
050 00 - LIBRARY OF CONGRESS CALL NUMBER
Classification number HG3881.5.W57
Item number P63 n.979
300 ## - PHYSICAL DESCRIPTION
Other physical details ill. ;
Dimensions 27 cm.
245 00 - TITLE STATEMENT
Title Development and the environment:
Statement of responsibility, etc International Bank
260 ## - PUBLICATION, DISTRIBUTION, ETC. (IMPRINT)
Place of publication, distribution, etc Oxford :
Name of publisher, distributor, etc Oxford University Press,
Date of publication, distribution, etc 1992.
300 ## - PHYSICAL DESCRIPTION
Extent xii, 306 p. :
504 ## - BIBLIOGRAPHY, ETC. NOTE
Bibliography, etc Includes bibliographical references.
650 ## - SUBJECT ADDED ENTRY--TOPICAL TERM
Topical term or geographic name as entry element Economic development
General subdivision Environmental aspects
9 (RLIN) 4996
711 2# - ADDED ENTRY--MEETING NAME
Meeting name or jurisdiction name as entry element National Conference on Development and the Environment
Date of meeting (1990 :
Location of meeting Canberra, A.C.T.)
9 (RLIN) 48841
906 ## - LOCAL DATA ELEMENT F, LDF (RLIN)
a 7
b ibc
c orignew
d 3
e ncip
f 19
g y-gencatlg
942 ## - ADDED ENTRY ELEMENTS (KOHA)
Source of classification or shelving scheme Library of Congress Classification
Koha item type Monograph ( Printed materials)
Holdings
Withdrawn status Lost status Source of classification or shelving scheme Damaged status Not for loan Collection code Home library Current library Shelving location Date acquired Total Checkouts Full call number Barcode Date last seen Price effective from Koha item type
    Library of Congress Classification     Main Collection ARRUPE LIBRARY ARRUPE LIBRARY Main Collection 27/11/2019   HG3881.5.W57 P63 n.979 46600005982 27/11/2019 27/11/2019 Monograph ( Printed materials)

 

Arrupe Library. PO Box MP320 Mt Pleasant, Harare, Zimbabwe
263 242 745411|librarian@aju.ac.zw